Регионална библиотека "Любен Каравелов" - Русе

Енциклопедия по природно лекуване (Запис номер 29737)

MARC детайли
000 -Лидер
Контролно поле с фиксирана дължина 00850nam a2200253 c 4500
003 - Код на организацията, давaща контролен номер
Контролно поле BLK
005 - Дата и час на последна редакция
Контролно поле 20180420220325.0
008 - Елементи от данни с фиксирана дължина
fixed length control field 180407b bul|||||r ||||||| ||bul||
010 ## - Наследен системен номер
LC control number KNG00032362000
040 ## - Източник на каталожния запис
Идентификатор на билиотеката - собственик на записа BLK
041 ## - Код за език
Код за езика на текст/звукозапис или на отделно заглавие Български
Код за езика КДБФ Български
080 ## - УДК
Текстов определител УДК Физикални средства. Лечение с природни средства
УДК код - определител по УДК 615.83
УДК определител (035)
УДК - код + определител 615.83(035)
100 1# - Редна дума - Автор
Автор Платен, М.
Авторска отговорност първи автор
R(LIN) 111099
139 ## - Редно поле
Редна дума Платен, М.
Авторски знак Плат - П 58
245 10 - Сведения за заглавието
Заглавие Енциклопедия по природно лекуване
Подзаглавни данни Ръководство
Редно поле (дума) М. Платен.
260 ## - Област на издателските данни
-- В. Търново
Име на издателя, разпространителя и проч. Сириус
Година на издаване 1997
300 ## - Физическа характеристика
Страници 608 с.
Размери/Мащаб 21 см
380 ## - Жанр
Жанр Медицина
852 ## - Местоположение
Форматна сигнатура Цб 191164
856 4# - Електронен адрес и достъп
Електронен формат pdf - файл
Път до файла /url/
856 4# - Електронен адрес и достъп
Електронен формат pdf - файл
Път до файла /url/
942 ## - АРТИКУЛИ
Вид на библиотечния материал Книги
Скрит в OPAC Не
944 ## - СЪЗДАВАНЕ И РЕДАКЦИЯ на ЗАПИСА
Създаване/Редакция Създаване
Дата на регистрацията/редакция 15.01.2003
Служител, извършил регистрацията/редакцията Кети_Илиева
944 ## - СЪЗДАВАНЕ И РЕДАКЦИЯ на ЗАПИСА
Създаване/Редакция Редакция
Дата на регистрацията/редакция 10.09.2008
Служител, извършил регистрацията/редакцията
999 ## - СИСТЕМНИ КОНТРОЛНИ НОМЕРА
Koha biblionumber 29737
Koha biblioitemnumber 29737
Наличности
Код за отписване Код за изгубен артикул Източник на класификационната схема Код за повреда Коз за рестрикции Код за отдаване Артикулен № Име на библиотеката - собственик Име на библиотеката, в която се намира в момента Статус (Текущо местоположение) Дата на вписване в системата Местоположение - отдел Цена в лева Инвентарен номер Систематично азбучна сигнатура Баркод Номер на екземпляра Цена в евро Служебна бележка Служебен тип на артикула
  Не е изгубен Universal Decimal Classification Не е повреден без рестрикции ползва се в читалня 47731 Регионална библиотека "Любен Каравелов" Русе Регионална библиотека "Любен Каравелов" Русе Читалня 2001-01-01 Читалня 1.49 628424 Ч 615/П 58 120000628424 1 0.76 Дата инв: 17.03.2017 Бележки инв: Ч2017 Книги
Vip Innovations Ltd, Rousse, Bulgaria 2025